Religion in Japanese history
The drama of Japanese history has strong connections to the nation's religious life. Tracing Japan's religions from the Hein Period through the middle ages and into modernity, explores the unique establishment of Shinto, Buddhism, and Confucianism in Japan, as well as the later influence o...
محفوظ في:
| المؤلف الرئيسي: | |
|---|---|
| التنسيق: | كتاب |
| اللغة: | Undetermined |
| منشور في: |
New York
Columbia University Press,
1966
|
| الموضوعات: | |
| الوسوم: |
إضافة وسم
لا توجد وسوم, كن أول من يضع وسما على هذه التسجيلة!
|
| Thư viện lưu trữ: | Trung tâm Học liệu Trường Đại học Cần Thơ |
|---|
| LEADER | 01344nam a2200205Ia 4500 | ||
|---|---|---|---|
| 001 | CTU_108863 | ||
| 008 | 210402s9999 xx 000 0 und d | ||
| 082 | |a 200.952 | ||
| 082 | |b K62 | ||
| 100 | |a Kitagawa, Joseph M. | ||
| 245 | 0 | |a Religion in Japanese history | |
| 245 | 0 | |c Joseph M. Kitagawa. | |
| 260 | |a New York | ||
| 260 | |b Columbia University Press, | ||
| 260 | |c 1966 | ||
| 520 | |a The drama of Japanese history has strong connections to the nation's religious life. Tracing Japan's religions from the Hein Period through the middle ages and into modernity, explores the unique establishment of Shinto, Buddhism, and Confucianism in Japan, as well as the later influence of Roman Catholicism, and the problem of Restoration- both spiritual and material- following World War II. This important work examines religion in its sociopolitical contexts, as well as issues of leadership, conversion, feudal regimes, Japan's dominant religious societies, and the impact of religious developments on Japan's future, both as a nation and as a member of the world community. Joseph Kitagawa has provided a new preface for this paperback edition which incorporates discussion of the history of the past thirty years. | ||
| 650 | |a Japan | ||
| 650 | |x Religion. | ||
| 904 | |i Năm | ||
| 980 | |a Trung tâm Học liệu Trường Đại học Cần Thơ | ||